<?xml version="1.0" encoding="UTF-8"?>
<record
    xmlns:xsi="http://www.w3.org/2001/XMLSchema-instance"
    xsi:schemaLocation="http://www.loc.gov/MARC21/slim http://www.loc.gov/standards/marcxml/schema/MARC21slim.xsd"
    xmlns="http://www.loc.gov/MARC21/slim">

  <leader>02296nam a22003377a 4500</leader>
  <datafield tag="999" ind1=" " ind2=" ">
    <subfield code="c">21901</subfield>
    <subfield code="d">21901</subfield>
  </datafield>
  <controlfield tag="003">AR-CdUCM</controlfield>
  <controlfield tag="008">190425b           ||||| |||| 00| 0 spa d</controlfield>
  <datafield tag="040" ind1=" " ind2=" ">
    <subfield code="a">MUNICIPALIDAD PROVINCIAL DEL CUSCO</subfield>
    <subfield code="c">BIBLIOTECA MUNICIPAL DEL CUSCO</subfield>
  </datafield>
  <datafield tag="082" ind1=" " ind2=" ">
    <subfield code="a">Rev.AILLU/N&#xB0;1-2/1945</subfield>
  </datafield>
  <datafield tag="245" ind1=" " ind2=" ">
    <subfield code="a">Revista El Aillu :</subfield>
    <subfield code="b">Revista Peruana de Antropolog&#xED;a, Etnolog&#xED;a Folklore Ling&#xFC;&#xED;stica e Historia /</subfield>
  </datafield>
  <datafield tag="260" ind1=" " ind2=" ">
    <subfield code="a">Cusco :</subfield>
    <subfield code="b">La Econ&#xF3;mica,</subfield>
    <subfield code="c">1945.</subfield>
  </datafield>
  <datafield tag="300" ind1=" " ind2=" ">
    <subfield code="a">216 p&#xE1;ginas. :</subfield>
    <subfield code="b">ilustraciones ;</subfield>
    <subfield code="c">24 cm.</subfield>
  </datafield>
  <datafield tag="440" ind1=" " ind2=" ">
    <subfield code="a">El Aillu Revista de Antropolog&#xED;a Etnolog&#xED;a Folklore Ling&#xFC;&#xED;stica e Historia.</subfield>
    <subfield code="n">A&#xF1;o I, N&#xB0;1.-2, 1945.</subfield>
    <subfield code="9">46747</subfield>
  </datafield>
  <datafield tag="505" ind1=" " ind2=" ">
    <subfield code="a">Contenido: Escarbe de papas en la regi&#xF3;n andina de Puno. -- Cartilla de la ciencia del folklore. -- La etimolog&#xED;a del nombre Cusco. -- Los cantos religiosos antiguos. Miguel &#xC1;ngel Delgado Vivanco. -- El indio Pako. Alejandro Perales. -- Sue&#xF1;o y aurora. Gonzales Prada. -- Semana del Inti Raymi del Cusco. -- Noticias de la amada. -- Desde el camino. -- La ausencia. -- Los yarav&#xED;es. -- Mensaje de los poetas del mundo. -- San Francisco de As&#xED;s y su obra. -- Los ayllus pre-incas- -- Hombre de Cotabambas. Erasmo Delgado Vivanco. -- Mi credo referente al origen del hombre americano y el libro de Paul Rivet. --  Barbarismos de uso frecuente. Max J. Galdo G. -- El ma&#xED;z es peruano. -- Intervi&#xFA; de el aillu. Fernando C&#xE1;mara. -- Gabriela Mistral la gran poetisa diplom&#xE1;tica araucana. -- El inventor cusque&#xF1;o. Luis A. Villafuerte Rozas. -- Historia revista peruana de cultura. Jorge Basadre. --  Origen y desarrollo de las civilizaciones prehist&#xF3;ricas andinas. Julio C. Tello.-- Bosquejo de una introducci&#xF3;n al folklore.</subfield>
  </datafield>
  <datafield tag="650" ind1=" " ind2=" ">
    <subfield code="a">Antropolog&#xED;a</subfield>
    <subfield code="9">878</subfield>
  </datafield>
  <datafield tag="650" ind1=" " ind2=" ">
    <subfield code="a">Etnolog&#xED;a</subfield>
    <subfield code="9">1915</subfield>
  </datafield>
  <datafield tag="650" ind1=" " ind2=" ">
    <subfield code="a">Folklore</subfield>
    <subfield code="9">46748</subfield>
  </datafield>
  <datafield tag="650" ind1=" " ind2=" ">
    <subfield code="a">Ling&#xFC;&#xED;stica</subfield>
    <subfield code="9">1640</subfield>
  </datafield>
  <datafield tag="650" ind1=" " ind2=" ">
    <subfield code="a">Historia</subfield>
    <subfield code="9">46749</subfield>
  </datafield>
  <datafield tag="700" ind1=" " ind2=" ">
    <subfield code="a">Delgado Vivanco, Miguel &#xC1;ngel</subfield>
    <subfield code="9">46750</subfield>
  </datafield>
  <datafield tag="700" ind1=" " ind2=" ">
    <subfield code="a">Perales, Alejandro</subfield>
    <subfield code="9">46751</subfield>
  </datafield>
  <datafield tag="700" ind1=" " ind2=" ">
    <subfield code="a">Delgado Vivanco, Erasmo</subfield>
    <subfield code="9">46752</subfield>
  </datafield>
  <datafield tag="700" ind1=" " ind2=" ">
    <subfield code="a">Villafuerte Rozas, Luis A</subfield>
    <subfield code="9">46753</subfield>
  </datafield>
  <datafield tag="700" ind1=" " ind2=" ">
    <subfield code="a">Basadre, Jorge</subfield>
    <subfield code="9">198</subfield>
  </datafield>
  <datafield tag="700" ind1=" " ind2=" ">
    <subfield code="a">Mistral, Gabriela</subfield>
    <subfield code="9">13947</subfield>
  </datafield>
  <datafield tag="700" ind1=" " ind2=" ">
    <subfield code="a">Gonz&#xE1;les Prada, Alfredo</subfield>
    <subfield code="9">38150</subfield>
  </datafield>
  <datafield tag="700" ind1=" " ind2=" ">
    <subfield code="a">Gonz&#xE1;les Prada, Manuel</subfield>
    <subfield code="9">2388</subfield>
  </datafield>
  <datafield tag="942" ind1=" " ind2=" ">
    <subfield code="2">ddc</subfield>
    <subfield code="c">PP</subfield>
  </datafield>
  <datafield tag="945" ind1=" " ind2=" ">
    <subfield code="a">rac</subfield>
  </datafield>
  <datafield tag="952" ind1=" " ind2=" ">
    <subfield code="0">0</subfield>
    <subfield code="2">ddc</subfield>
    <subfield code="4">0</subfield>
    <subfield code="7">0</subfield>
    <subfield code="a">HEM</subfield>
    <subfield code="b">HEM</subfield>
    <subfield code="c">CART</subfield>
    <subfield code="d">2021-10-01</subfield>
    <subfield code="g">10.00</subfield>
    <subfield code="o">Rev.AILLU/N&#xB0;1-2/1945</subfield>
    <subfield code="p">REVC000676</subfield>
    <subfield code="r">2021-10-01</subfield>
    <subfield code="y">PP</subfield>
  </datafield>
</record>
